| 000 | 01120nam0a22002411 4500 | ||
|---|---|---|---|
| 001 | rc\694134 | ||
| 005 | 20260406153653.0 | ||
| 035 | _a(NLR Aleph) 005930619 | ||
| 090 |
_a6574322 _c6574322 |
||
| 100 | _a20031121d1985 |||y0rusy50 ca | ||
| 101 | 0 | _arus | |
| 102 | _aRU | ||
| 105 | _ay ||||||||| | ||
| 200 | 1 |
_aКультурно-просветительные учреждения навстречу XXVII съезду КПСС _e(Метод. ориентировка) _fМ-во культуры УзССР, Респ. науч.-метод. центр нар. творчества и культ.-просвет. работы |
|
| 210 |
_aТашкент _cБ. и. _d1985 |
||
| 215 |
_a10 с. _d21 |
||
| 320 | _aБиблиогр.: с. 8-9 | ||
| 712 | 0 | 2 |
_aУзбекский республиканский научно-методический центр народного творчества и культурно-просветительной работы _cТашкент _3RU\NLR\AUTH\889929035 _9353598 |
| 801 | 0 |
_aRU _bNLR _gpsbo |
|
| 801 | 1 |
_aRU _bELAR _2rusmarc |
|
| 852 |
_aNLR _j87-4/1902 |
||
| 942 | _cBOOK | ||
| 980 | _aNB | ||